[Event "RUS-chT Rapid Men 2018"]
[Site "Sochi"]
[Date "2018.10.08"]
[Round "3"]
[White "Hasangatin, Ramil"]
[Black "Usmanov, Vasily"]
[Result "0-1"]
[WhiteElo "2485"]
[BlackElo "2453"]
[Annotator "ChessBase"]
[PlyCount "114"]
[EventDate "2018.10.05"]
[EventType "swiss"]
[EventCountry "RUS"]
[SourceTitle "playchess.com"]
[Source "ChessBase"]
[SourceQuality "1"]
[TimeControl "900+10"]

1. e4 {[%emt 0:00:00]} e6 {[%emt 0:00:00]} 2. d3 {[%emt 0:00:00]} c5 {[%emt 0:00:00]} 3. Nf3 {[%emt 0:00:01]} Nc6 {[%emt 0:00:00]} 4. c3 {[%emt 0:00:12]} d5 {[%emt 0:00:25]} 5. Nbd2 {[%emt 0:00:03]} Nf6 {[%emt 0:00:17]} 6. g3 {[%emt 0:00:08]} Be7 {[%emt 0:01:16]} 7. Bg2 {[%emt 0:00:02]} O-O {[%emt 0:00:02]} 8. O-O {[%emt 0:00:02]} b6 {[%emt 0:00:28]} 9. Re1 {[%emt 0:00:29]} Bb7 {[%emt 0:01:47]} 10. e5 {[%emt 0:00:20]} Nd7 {[%emt 0:00:04]} 11. Nf1 {[%emt 0:00:04]} Qc7 {[%emt 0:00:14]} 12. Bf4 {[%emt 0:00:22]} d4 {[%emt 0:00:07]} 13. c4 {[%emt 0:00:37]} Rae8 {[%emt 0:00:09]} 14. h4 {[%emt 0:00:36]} Qb8 {[%emt 0:00:05]} 15. N1h2 {[%emt 0:01:20]} Bd8 {[%emt 0:00:02]} 16. h5 {[%emt 0:02:06]} Bc7 {[%emt 0:00:18]} 17. h6 {[%emt 0:03:24]} g6 {[%emt 0:00:10]} 18. Ng4 {[%emt 0:00:15]} f6 {[%emt 0:01:43]} 19. Qd2 Ncxe5 {[%emt 0:03:15]} 20. Bxe5 {[%emt 0:02:47]} Bxe5 {[%emt 0:02:06]} 21. Nfxe5 {[%emt 0:01:54]} Nxe5 {[%emt 0:00:26]} 22. Nxe5 {[%emt 0:00:16]} fxe5 {[%emt 0:00:12]} 23. Bxb7 {[%emt 0:00:10]} Qxb7 {[%emt 0:00:02]} 24. Rxe5 {[%emt 0:00:05]} Rf5 {[%emt 0:00:58]} 25. Rxf5 {[%emt 0:00:47]} exf5 {[%emt 0:00:22]} 26. Re1 {[%emt 0:00:59]} Re7 {[%emt 0:00:47]} 27. Rxe7 {[%emt 0:00:24]} Qxe7 {[%emt 0:00:02]} 28. Qf4 {[%emt 0:00:01]} Kf7 {[%emt 0:00:19]} 29. Qb8 {[%emt 0:00:20]} g5 {[%emt 0:00:14]} 30. Qa8 {[%emt 0:01:19]} Kg6 {[%emt 0:00:22]} 31. Qd5 {[%emt 0:00:15]} Qf6 {[%emt 0:01:16]} 32. Qg8+ {[%emt 0:00:48]} Kxh6 {[%emt 0:00:04]} 33. a3 {[%emt 0:00:04]} a5 {[%emt 0:00:03]} 34. b3 {[%emt 0:00:09]} Qe7 {[%emt 0:00:33]} 35. Kf1 {[%emt 0:00:09]} Kh5 {[%emt 0:00:18]} 36. Qd5 {[%emt 0:00:12]} Kg6 {[%emt 0:00:22]} 37. Qc6+ {[%emt 0:00:07]} Qf6 {[%emt 0:00:02]} 38. Qe8+ {[%emt 0:00:02]} Kg7 {[%emt 0:00:09]} 39. Qd7+ {[%emt 0:00:04]} Qf7 {[%emt 0:00:09]} 40. Qc6 {[%emt 0:00:11]} Qf6 {[%emt 0:00:07]} 41. Qd7+ {[%emt 0:00:01]} Kh6 {[%emt 0:00:09]} 42. Qd5 {[%emt 0:00:01]} f4 {[%emt 0:00:18]} 43. g4 {[%emt 0:00:12]} f3 {[%emt 0:00:01]} 44. Kg1 {[%emt 0:00:19]} Kg7 {[%emt 0:00:14]} 45. Qb7+ {[%emt 0:00:24]} Kg6 {[%emt 0:00:06]} 46. Qe4+ {[%emt 0:00:04]} Kh6 {[%emt 0:00:06]} 47. Qd5 {[%emt 0:00:02]} Kg7 {[%emt 0:01:04]} 48. Qb7+ {[%emt 0:00:01]} Qf7 {[%emt 0:00:06]} 49. Qxb6 {[%emt 0:00:18]} Qd7 {[%emt 0:00:02]} 50. Kf1 {[%emt 0:00:37]} Qxg4 {[%emt 0:00:04]} 51. Qc7+ {[%emt 0:00:11]} Kg6 {[%emt 0:00:13]} 52. Qd6+ {[%emt 0:00:14]} Kh5 {[%emt 0:00:08]} 53. Qxc5 {[%emt 0:00:11]} Qg2+ {[%emt 0:00:03]} 54. Ke1 {[%emt 0:00:01]} Qg1+ {[%emt 0:00:01]} 55. Kd2 {[%emt 0:00:00]} Qxf2+ {[%emt 0:00:01]} 56. Kc1 {[%emt 0:00:01]} Qe1+ {[%emt 0:00:06]} 57. Kb2 {[%emt 0:00:01]} Qe2+ {[%emt 0:00:03]} 0-1

[Event "RUS-chT Rapid Men 2018"]
[Site "Sochi"]
[Date "2018.10.08"]
[Round "3"]
[White "Gutenev, Alexander"]
[Black "Indjic, Aleksandar"]
[Result "1/2-1/2"]
[WhiteElo "2456"]
[BlackElo "2604"]
[Annotator "TA"]
[PlyCount "133"]
[EventDate "2018.10.05"]
[EventType "swiss"]
[EventCountry "RUS"]
[SourceTitle "playchess.com"]
[Source "ChessBase"]
[SourceQuality "1"]

{[%evp 14,133,20,26,20,22,55,19,19,14,23,32,14,0,0,-4,3,6,51,40,38,17,58,30,78,57,155,110,131,129,144,120,159,143,160,122,109,109,111,109,139,48,133,117,197,89,92,88,93,48,35,64,39,8,8,8,8,8,0,4,3,8,50,45,43,51,72,77,106,20,53,29,29,22,22,22,29,29,29,0,29,27,37,29,29,29,29,29,29,29,29,29,29,14,29,8,8,8,8,8,8,0,0,0,0,0,0,0,0,0,0,0,0,0,0,0,0,0,0,0,8,8]} 1. e4 c6 2. d4 d5 3. Nd2 dxe4 4. Nxe4 Nf6 5. Nxf6+ exf6 6. c3 Bd6 7. Bd3 O-O 8. Qc2 Re8+ {B15: Caro-Kann: 3 Nc3: 3...g6 and 3...dxe4 4 Nxe4 Nf6 5 Nxf6+ exf6} 9. Ne2 h5 (9... g6 10. h4 Nd7 11. h5 Nf8 12. Be3 Be6 13. O-O-O a5 14. Kb1 a4 15. hxg6 fxg6 16. c4 Bf7 17. Nc3 a3 18. b3 f5 {0-1 (29) Saric,I (2669)-Jobava,B (2690) Riadh 2017}) 10. Be3 Nd7 11. O-O-O Nf8 12. Kb1 Be6 13. h3 {[#]} b5 $146 ({Predecessor:} 13... Bd5 14. Rdg1 b5 15. Nf4 Bxf4 16. Bxf4 {½-½ (26) Khanin,S (2477)-Oparin,G (2584) Sochi 2018}) 14. Rhg1 Qd7 15. g4 {[%cal Bg2g4,Bg4g5][%mdl 32]} h4 (15... Bh2 $5 {[%cal Rh2g1]}) 16. g5 $1 $36 {[%mdl 2048] White fights for an advantage.} f5 17. d5 $1 {[%cal Rd5e6]} Bxd5 18. Bxf5 Qc7 19. Rg4 $1 Ng6 (19... g6 $14 20. Bd3 (20. Be4 Bxe4 21. Rxe4 Rad8 $14) 20... Rad8) 20. Nd4 Ne5 21. Rxh4 {Hoping for Bh7+.} g6 22. Be4 Bxe4 23. Rxe4 a6 24. f4 Nc4 {[#]} 25. Bc1 $1 c5 26. Ne2 Bf8 27. h4 ({White should try} 27. Ng3 $16) 27... Qc6 (27... Rxe4 $1 $14 28. Qxe4 Rd8 29. Rxd8 Qxd8) 28. Ng3 $16 Rad8 (28... Nd6 $16 29. Rxe8 Rxe8) 29. Rde1 (29. Rxd8 $18 {is more deadly.} Rxd8 30. h5) 29... Nd6 30. Rxe8 Rxe8 31. Rxe8 Qxe8 32. h5 Qe1 33. Qd3 c4 34. Qe3 Qxe3 $1 35. Bxe3 gxh5 36. Nxh5 $11 {[%mdl 4096] Endgame KBN-KBN} Nf5 37. Bd4 Kh7 38. Nf6+ Kg6 39. Nd7 Bd6 {[#]} 40. Be5 $1 Be7 41. b3 (41. Nb8 $16) 41... Ne3 42. Bd4 Nd5 43. Ne5+ Kf5 44. bxc4 bxc4 45. Nxf7 Nxf4 46. Kc2 Ne6 47. Be3 Bxg5 48. Bxg5 Nxg5 {KN-KN} 49. Nd6+ Ke5 50. Nxc4+ Kd5 51. Kb3 Kc5 52. Nb2 Ne4 53. Nd3+ Kb5 54. c4+ Kb6 {The position is equal.} 55. a3 a5 56. Kc2 Kc6 57. Kb3 Kb6 58. Nf4 Kc5 59. Ne6+ Kd6 60. Nd4 Kc5 61. Nf3 a4+ 62. Kxa4 {Strongly threatening Kb3.} Kxc4 63. Ka5 Kb3 64. a4 Nc5 65. Nd4+ Kc4 66. Nf5 Nxa4 67. Kxa4 {Precision: White = 54%, Black = 59%.} 1/2-1/2

[Event "RUS-chT Rapid Men 2018"]
[Site "Sochi"]
[Date "2018.10.08"]
[Round "3"]
[White "Lugovskoy, Maxim"]
[Black "Linker, Mikhail"]
[Result "1-0"]
[WhiteElo "2428"]
[BlackElo "2269"]
[Annotator "TA"]
[PlyCount "155"]
[EventDate "2018.10.05"]
[EventType "swiss"]
[EventCountry "RUS"]
[SourceTitle "playchess.com"]
[Source "ChessBase"]
[SourceQuality "1"]

{[%evp 22,155,0,0,6,0,0,-7,-8,-7,0,-6,10,0,11,11,21,-14,-14,-118,-22,-13,-13,-13,-12,-58,-13,-68,-90,-75,0,0,0,0,0,0,0,0,0,0,0,0,0,0,0,0,315,0,11,12,21,0,0,0,0,-70,0,-16,-22,-18,-20,-70,-14,-5,0,0,0,0,0,0,0,0,33,19,92,15,31,29,30,0,0,0,0,-517,0,0,0,-33,-40,-45,-43,-60,-59,-59,-47,-98,-12,-16,0,-4,0,-29,0,0,0,-180,-9,-9,0,0,0,0,0,0,0,0,0,0,0,0,0,0,0,0,1155,1147,29984,29985,29985,29986,29986,29987,29987,29988,29988,29989]} 1. e4 c5 2. c3 Nf6 3. e5 Nd5 4. d4 cxd4 5. cxd4 e6 6. Nf3 b6 7. Bc4 Ba6 {B22: Sicilian: 2 c3} (7... Bb7 8. O-O d6 9. Bg5 Be7 10. Bxe7 Nxe7 11. Nc3 O-O 12. Qe2 Ng6 13. Rad1 Nc6 14. exd6 Qxd6 15. d5 exd5 16. Bxd5 {½-½ (59) Wang,H (2709)-Andreikin,D (2712) Huaian 2017}) 8. Bxa6 Nxa6 9. O-O Be7 10. Nbd2 O-O 11. Ne4 f5 12. exf6 {LiveBook: 4 Games} Bxf6 13. Qe2 $146 ({Predecessor:} 13. Be3 Rc8 14. a3 b5 15. Qd3 {½-½ (96) Andrenko,I (2226)-Kunin,V (2513) Voronezh 2012}) 13... Nab4 14. a3 Nc6 15. Be3 Qe7 16. Rfe1 Rac8 17. Rad1 h6 18. h3 Na5 19. Nfd2 Rc2 $36 {[%mdl 2048] Black is pushing.} 20. Qg4 (20. Rb1 $11) 20... Kh8 ({Reject} 20... Rxb2 $6 21. Bxh6 Nc6 22. Nf3 $11) (20... Nxe3 $17 21. fxe3 Rxb2) 21. b4 Nc4 22. Nxc4 Rxc4 23. Ng3 Bh4 24. Rc1 {[#]} ({White should play} 24. Ne4 $11) 24... Bxg3 $1 $15 {[%mdl 512]} 25. Qxg3 (25. fxg3 Nxe3) 25... Rfc8 (25... b5 $17) 26. Rxc4 $11 Rxc4 27. Qb8+ Kh7 28. Qxa7 Qd6 29. Qa4 Qc7 30. Qb3 b5 31. Qd3+ Kh8 32. Qe2 Qc6 33. Qh5 Kh7 $2 {[%mdl 8192]} (33... Kg8 $11 {and Black has nothing to worry.}) 34. Qf3 $2 (34. Bxh6 $1 $18 gxh6 35. Qf7+ Kh8 36. Qf8+ Kh7 37. Re4) 34... Rc2 35. Qe4+ Kh8 36. Qe5 Kg8 37. Qg3 {Threatening mate with Bxh6.} Qc3 38. Rf1 (38. Kh2 $1 $11) 38... Kh7 (38... Qxa3 $15 39. Qg6 Nxe3 40. fxe3 Qxe3+ 41. Kh2 Qc3 42. Qf7+ Kh7 43. Qxd7 Qd2) 39. Qf3 Ra2 40. Qe4+ Kg8 41. Kh2 {Black must now prevent Rc1.} Rxa3 (41... Qxa3 $15 42. Rb1 Qa6) 42. Rc1 Qd3 43. Rc8+ Kf7 44. Qf3+ Qf5 {aiming for ...Qxf3.} 45. Qg3 Nf6 46. Rc5 Nd5 47. Qd6 Ra7 (47... Qf6 $11 {remains equal.}) 48. Qb8 (48. Rxb5 $16 {Threatens to win with Rb8.} Kg6 49. Rb8) 48... Ra1 49. Qxb5 Ke7 50. Qb8 Nxe3 51. fxe3 {[%mdl 4096] Endgame KQR-KQR} Qf2 52. Qf4 $2 {[%mdl 8192]} (52. Qe5 $11 Qg1+ 53. Kg3 Qe1+ 54. Kg4 Qe2+ 55. Kg3 Qe1+ 56. Kg4 Qe2+ 57. Kg3 Qe1+) 52... Qxf4+ $2 (52... Qg1+ $1 $19 53. Kg3 Re1) 53. exf4 $19 {KR-KR} Rd1 54. Rc4 d5 55. Rc7+ Kf6 56. b5 Rxd4 57. Kg3 Rb4 58. Rb7 {[#]} Rb3+ (58... g5 $1 $17 {[%cal Rg5f4]} 59. fxg5+ hxg5) 59. Kf2 Rb2+ 60. Kf3 Rb3+ 61. Kf2 g6 62. b6 Kf5 63. Rf7+ Ke4 64. b7 d4 65. Ke2 Rb2+ 66. Kd1 Kd3 {[%cal Rb2b1]} 67. Kc1 Rb6 68. Re7 g5 69. fxg5 hxg5 70. g3 {[%cal Bg2g3,Bg3h4,Bh4h5,Bh5h6,Bh6h7][%mdl 32] And now h4 would win.} Kc3 71. h4 gxh4 72. gxh4 e5 $2 {[%mdl 8192] [#]} (72... d3 $11 73. Rd7 d2+ 74. Rxd2 Rxb7) 73. h5 $1 $18 Kd3 74. h6 {White mates.} Rc6+ 75. Kb2 Rb6+ 76. Ka3 Kc3 77. Rc7+ Kd2 78. h7 {Precision: White = 49%, Black = 48%.} 1-0

[Event "RUS-chT Rapid Men 2018"]
[Site "Sochi"]
[Date "2018.10.08"]
[Round "3"]
[White "Pogromsky, Mikhail"]
[Black "Kezin, Roman"]
[Result "1-0"]
[WhiteElo "2415"]
[BlackElo "2471"]
[Annotator "TA"]
[PlyCount "133"]
[EventDate "2018.10.05"]
[EventType "swiss"]
[EventCountry "RUS"]
[SourceTitle "playchess.com"]
[Source "ChessBase"]
[SourceQuality "1"]

{[%evp 15,133,11,33,11,11,9,9,14,18,9,14,0,0,5,11,8,29,0,35,0,1,4,7,8,8,3,6,0,16,6,24,25,32,21,19,0,0,-12,-7,-11,0,0,0,0,0,0,0,0,0,0,25,10,7,23,41,0,0,0,0,-47,-47,-42,-42,-39,-31,-49,0,0,0,0,0,0,0,0,0,0,0,0,0,0,0,-7,0,-11,-13,-14,0,0,0,0,14,8,29972,29973,29977,29978,29980,29979,29979,29980,29980,29980,29980,29980,29983,29983,29983,29984,29984,29985,29985,29986,29986,29986,29986,29982,29983,29984,29985,29986]} 1. Nf3 d5 2. d4 Nf6 3. c4 e6 4. g3 Be7 5. Bg2 O-O 6. O-O dxc4 7. Qc2 b5 8. a4 {E05: Open Catalan: 5 Nf3 Be7} b4 {LiveBook: 211 Games} 9. Nfd2 c6 10. Nxc4 {The position is equal.} Qxd4 11. Rd1 Qc5 12. Be3 Qh5 13. Bf3 $146 ({Predecessor:} 13. Nbd2 Ng4 14. Nf1 Nxe3 15. Nfxe3 a5 {½-½ (82) Vachier Lagrave,M (2789)-Nakamura,H (2769) Paris 2018}) 13... Ng4 14. h4 e5 {next ...Bf5 is good for Black.} 15. Nbd2 {[%cal Bb1d2,Bd2f1,Bf1h2,Bh2f3][%mdl 32]} Be6 16. Nf1 Nd7 17. Nh2 Nxe3 18. Nxe3 Qg6 $1 $132 {[%cal Rg6c2][%mdl 2048] Black has counterplay} 19. Qxg6 hxg6 20. Bxc6 Rad8 21. Nf3 Nc5 22. Nxe5 Bb3 23. Rxd8 Rxd8 24. Bb5 Bf6 25. Nd3 (25. Nc6 {feels hotter.} Rd2 26. Nxb4 Bxb2 27. Re1 Nxa4 28. Bxa4 Bxa4 29. Nc4) 25... Nxd3 26. Bxd3 Rc8 27. Kg2 Be6 28. Rb1 Ba2 29. Ra1 Be6 30. Rb1 Ba2 31. Ra1 Be6 32. Rb1 b3 33. a5 Rc5 34. a6 Ra5 35. Bc4 Bxc4 36. Nxc4 Rxa6 $11 {[%mdl 4096] Endgame KRB-KRN} 37. Nd2 Ra2 38. Nxb3 Rxb2 39. Rxb2 Bxb2 $15 {KB-KN} 40. Kf3 Kf8 41. Ke4 Ke7 42. Kd5 Bc3 {Threatening ...Be1.} 43. Nc5 a5 44. g4 Bb4 45. Nd3 Bd6 46. Nb2 Bb4 47. Nd3 Bd6 48. Nb2 Ba3 49. Nd3 a4 50. e4 Bb2 {aiming for ...a3.} 51. Kc4 $1 ({But not} 51. Nxb2 $2 a3 $19) 51... a3 52. Kb3 Kd6 53. f4 ({Avoid the trap} 53. Nxb2 $2 axb2 54. Kxb2 Ke5 $19) (53. Ka2 {keeps more tension.} Bf6 54. g5 Bd8 55. Kxa3 Ke6 56. Kb4) 53... Kc6 $2 {[%mdl 8192] [#]} (53... Bd4 $11) 54. Nxb2 {White mates.} axb2 55. Kxb2 {KP-KP} Kb6 56. Kc3 Kc5 57. Kd3 Kc6 58. Kc4 Kd6 59. e5+ Kc6 60. Kd4 Kc7 61. f5 gxf5 62. gxf5 {[%cal Bg4f5,Bf5f6][%mdl 32] K3P-KPP} Kd7 63. h5 Ke7 64. Ke4 Ke8 65. Kf4 Ke7 66. Kg5 Kf8 67. f6 {Precision: White = 66%, Black = 54%.} 1-0

[Event "RUS-chT Rapid Men 2018"]
[Site "Sochi"]
[Date "2018.10.08"]
[Round "3"]
[White "Savitskiy, Sergey"]
[Black "Girshgorn, Leonid"]
[Result "1-0"]
[WhiteElo "2413"]
[BlackElo "1925"]
[Annotator "NA"]
[PlyCount "47"]
[EventDate "2018.10.05"]
[EventType "swiss"]
[EventCountry "RUS"]
[SourceTitle "playchess.com"]
[Source "ChessBase"]
[SourceQuality "1"]
[TimeControl "900+10"]

1. e4 {[%emt 0:00:00]} c6 {[%emt 0:00:00]} 2. d4 {[%emt 0:00:00]} d5 {[%emt 0:00:00]} 3. Nc3 {[%emt 0:00:00]} dxe4 {[%emt 0:00:00]} 4. Nxe4 {[%emt 0:00:00]} Nf6 {[%emt 0:00:00]} 5. Nxf6+ {[%emt 0:00:04]} exf6 {[%emt 0:00:00]} 6. c3 {[%emt 0:00:02]} Bd6 {[%emt 0:00:00]} 7. Bd3 {[%emt 0:00:01]} O-O {[%emt 0:00:00]} 8. Qc2 {[%emt 0:00:01]} Re8+ {[%emt 0:00:02]} 9. Ne2 {[%emt 0:00:02]} Kh8 {[%emt 0:00:01]} 10. Be3 {[%emt 0:00:16]} Bg4 {[%emt 0:00:14]} 11. O-O-O {[%emt 0:00:33]} Nd7 {[%emt 0:00:13]} 12. h3 {[%emt 0:01:28]} Bxe2 {[%emt 0:00:25]} 13. Qxe2 {[%emt 0:00:02]} b5 {[%emt 0:00:06]} 14. Qf3 {[%emt 0:00:12]} Qc7 {[%emt 0:00:52]} 15. h4 {[%emt 0:00:15]} a5 {[%emt 0:01:40]} 16. h5 {[%emt 0:00:07]} a4 {[%emt 0:00:20]} 17. Qf5 {[%emt 0:00:28]} Nf8 {[%emt 0:01:25]} 18. h6 {[%emt 0:00:03]} Ng6 {[%emt 0:00:22]} 19. g3 {[%emt 0:03:33]} a3 {[%emt 0:01:19]} 20. b4 {[%emt 0:00:09]} Qe7 {[%emt 0:05:17]} 21. Rh3 {[%emt 0:02:08]} Bxb4 {[%emt 0:02:24]} 22. Rdh1 {[%emt 0:00:17]} Bxc3 {[%emt 0:03:44]} 23. hxg7+ {[%emt 0:00:05]} Kg8 {[%emt 0:00:02]} 24. Rxh7 {[%emt 0:00:11]} 1-0

[Event "RUS-chT Rapid Men 2018"]
[Site "Sochi"]
[Date "2018.10.08"]
[Round "3"]
[White "Apryshko, Gleb"]
[Black "Uzhva, Andrey"]
[Result "1-0"]
[WhiteElo "2399"]
[BlackElo "2270"]
[Annotator "TA"]
[PlyCount "133"]
[EventDate "2018.10.05"]
[EventType "swiss"]
[EventCountry "RUS"]
[SourceTitle "playchess.com"]
[Source "ChessBase"]
[SourceQuality "1"]

{[%evp 18,133,18,12,33,54,29,33,72,81,88,67,58,38,74,60,79,69,98,100,119,109,107,89,95,76,75,64,50,41,17,21,62,-6,94,59,82,39,63,-133,0,0,21,-31,0,0,17,0,127,128,168,175,299,204,357,357,525,522,515,526,519,522,515,493,521,514,579,575,643,619,749,770,765,759,766,745,889,886,857,853,910,896,943,918,1022,1033,1245,1187,1285,1287,3420,3381,29973,29975,29974,29976,29979,29980,29978,29979,29979,29979,29982,29979,29984,29983,29983,29984,29986,29986,29988,29989,29990,29990,29990,29991,29991,29992]} 1. e4 c5 2. Nf3 d6 3. d4 cxd4 4. Qxd4 a6 5. c4 Nc6 6. Qe3 g6 {B53: Sizilianisch (Ungarische Variante)} (6... Bg4 7. Nd4 g6 8. Nc3 Bg7 9. Nxc6 bxc6 10. h3 Be6 11. Be2 Nf6 12. O-O O-O 13. f4 Qa5 14. Bd2 {1-0 (50) Karjakin,S (2763)-Nepomniachtchi,I (2751) Moscow 2018}) 7. h3 Bg7 8. Nc3 Nf6 9. Be2 O-O 10. O-O {LiveBook: 186 Partien} Qa5 11. Bd2 Qc5 12. Qd3 $146 ({Vorgänger:} 12. Rac1 Be6 13. b3 Rfd8 14. Ng5 {½-½ (29) Bielecki,P (2042)-Sanchez Lopez,J (2078) Mollet del Valles 2016}) 12... Nb4 {[#]} 13. Qb1 $1 Qc7 14. Rc1 Nc6 15. Be3 e6 16. b4 Bd7 17. Qb3 Rac8 18. Rd1 Ne8 19. Rac1 Ne5 20. Nd2 f5 21. exf5 gxf5 22. c5 d5 23. Nf3 Nxf3+ 24. Bxf3 Bc6 25. Ne2 (25. a4 $14) 25... f4 (25... Qd7 $11) 26. Bd4 Nf6 {Weiss sollte ...e5 verhindern.} 27. Qb2 Ne4 28. Bg4 $2 {[#]} (28. Bxg7 $1 $14 {bleibt weiter vorne.} Qxg7 29. Qxg7+ Kxg7 30. Nd4) 28... Rce8 $2 (28... e5 $1 $17 {[%cal Re5d4]} 29. Bxc8 Rxc8) 29. Bxg7 $11 Qxg7 30. Nd4 (30. Qxg7+ $11 Kxg7 31. Nd4) 30... Rf6 31. Nf3 e5 32. Nxe5 {Dd4 ist eine echte Drohung.} Rg6 (32... Rff8 $11 33. Nd3 d4) 33. Nd3 $16 Qxb2 34. Nxb2 Rd8 (34... Rf6 $142 35. a3 Rff8) 35. Nd3 Nf6 $2 (35... Rf6 36. Ne5 Kg7) 36. Nxf4 $18 Rxg4 (36... Rh6 $142 37. Bf3 Rd7) 37. hxg4 Nxg4 38. Rd4 Nf6 39. Re1 Kf7 40. Ne6 Rg8 41. Rf4 h6 {Schwarz hofft, mit ...Te8 fortzusetzen.} 42. Nd4 Bd7 43. a4 {[%cal Ba2a4,Ba4b5][%mdl 32]} Rg7 44. b5 axb5 45. axb5 Kg6 46. f3 Kg5 47. g3 {[%cal Bg2g3,Bg3g4,Bg4g5][%mdl 32]} Kg6 48. Kf2 Bc8 49. Re5 Bd7 50. g4 Rf7 51. Ke3 Rg7 52. Nf5 Rf7 53. Nxh6 Kxh6 54. g5+ Kg6 55. Rxf6+ {Weiß setzt Matt.} Rxf6 56. gxf6 Bxb5 {[%mdl 4096] Endspiel KT-KL} 57. Re6 Kf7 58. Re7+ Kxf6 59. Rxb7 Be8 60. Kd4 Bh5 61. Rh7 Bxf3 62. c6 Be4 {[#]} 63. c7 $1 {[%mdl 512]} Bxh7 64. c8=Q Be4 65. Qf8+ Ke6 66. Qf4 Kd7 67. Qf6 {Precision: Weiß = 58%, Schwarz = 32%.} 1-0

[Event "RUS-chT Rapid Men 2018"]
[Site "Sochi"]
[Date "2018.10.08"]
[Round "3"]
[White "Sergeyev, Alexander"]
[Black "Dudin, Gleb"]
[Result "1-0"]
[WhiteElo "2397"]
[BlackElo "2178"]
[Annotator "NA"]
[PlyCount "61"]
[EventDate "2018.10.05"]
[EventType "swiss"]
[EventCountry "RUS"]
[SourceTitle "playchess.com"]
[Source "ChessBase"]
[SourceQuality "1"]
[TimeControl "900+10"]

1. d4 {[%emt 0:00:00]} Nf6 {[%emt 0:00:00]} 2. c4 {[%emt 0:00:00]} e6 {[%emt 0:00:00]} 3. g3 {[%emt 0:00:04]} d5 {[%emt 0:00:02]} 4. Nf3 {[%emt 0:00:03]} dxc4 {[%emt 0:00:08]} 5. Bg2 {[%emt 0:00:31]} Bb4+ {[%emt 0:00:07]} 6. Bd2 {[%emt 0:00:11]} c5 {[%emt 0:00:09]} 7. O-O {[%emt 0:01:38]} O-O {[%emt 0:00:35]} 8. dxc5 {[%emt 0:00:18]} Bxc5 {[%emt 0:00:06]} 9. Na3 {[%emt 0:01:07]} Nbd7 {[%emt 0:02:38]} 10. Nxc4 {[%emt 0:00:09]} b5 {[%emt 0:00:09]} 11. Ba5 {[%emt 0:01:20]} Qe7 {[%emt 0:01:05]} 12. Nce5 {[%emt 0:01:00]} Bb7 {[%emt 0:00:59]} 13. Nxd7 {[%emt 0:00:24]} Nxd7 {[%emt 0:00:21]} 14. Qd3 {[%emt 0:00:12]} a6 {[%emt 0:01:22]} 15. b4 {[%emt 0:03:27]} Ba7 {[%emt 0:03:53]} 16. Bc7 {[%emt 0:00:59]} Bd5 {[%emt 0:02:55]} 17. Rfd1 {[%emt 0:02:46]} Nf6 {[%emt 0:01:43]} 18. Rac1 {[%emt 0:02:48]} Qxb4 {[%emt 0:00:39]} 19. Be5 {[%emt 0:00:51]} Ne4 {[%emt 0:00:42]} 20. e3 {[%emt 0:00:12]} h6 {[%emt 0:00:25]} 21. Nd4 {[%emt 0:00:10]} Nc5 {[%emt 0:00:12]} 22. Qf1 {[%emt 0:00:08]} Bxg2 {[%emt 0:00:08]} 23. Qxg2 {[%emt 0:00:02]} f6 {[%emt 0:00:06]} 24. Bd6 {[%emt 0:00:02]} Rfd8 {[%emt 0:00:16]} 25. Nxe6 {[%emt 0:00:05]} Rxd6 {[%emt 0:00:14]} 26. Qxa8+ {[%emt 0:00:02]} Kf7 {[%emt 0:00:08]} 27. Qf8+ {[%emt 0:00:06]} Kxe6 {[%emt 0:00:05]} 28. Qxd6+ {[%emt 0:00:03]} Kf5 {[%emt 0:00:03]} 29. Rd5+ {[%emt 0:00:03]} Kg6 {[%emt 0:00:02]} 30. Rdxc5 {[%emt 0:00:02]} Bxc5 {[%emt 0:00:10]} 31. Qxc5 {[%emt 0:00:01]} 1-0